000 01287nam a22003855i 4500
999 _c173747
_d173747
001 vtls000870545
003 PNM
005 20190808114738.0
008 190211t20182018my a e o000 0 eng
015 _aM191-02362
020 _a9789673449064
_qpaperback
_cRM45.00
039 9 _a201906271304
_bhema
_c201902131534
_dzuraidah_s
_c201902131154
_dnor_afizah
040 _aBNM
_beng
_cBNM
_erda
_dPPAK
049 _amal
082 0 4 _a571.64
_223
090 0 0 _a571.64
_bHAM
_dR
100 0 _aHamdan Noor,
_eauthor.
245 1 0 _aIntroductory Medical Physiology :
_bMembrane Potentials of Excitable Tissues when Stimulated.
_nMODULE 9 /
_cHamdan Noor
264 1 _aSerdang, Selangor :
_bUniversiti Putra Malaysia Press,
_c2018
264 4 _c©2018
300 _ax, 82 pages :
_bcolour illustrations ;
_c18 cm x 23 cm.
336 _atext
_2rdacontent
337 _aunmediated
_2rdamedia
338 _avolume
_2rdacarrier
490 1 _aIntroductory Medical Physiology
500 _aIncludes index
500 _aIncludes questions and exercises
650 1 0 _aCell membranes
650 2 0 _aCell interaction
650 2 0 _aIon channels
650 2 0 _aHuman physiology
650 2 0 _aGovernment publications
_zMalaysia
830 0 _aIntroductory medical physiology
942 _2ddc
_cB